Normal view MARC view

Entry Personal Name

Number of records used in: 1

001 - CONTROL NUMBER

  • control field: 18679

003 - CONTROL NUMBER IDENTIFIER

  • control field: OSt

005 - DATE AND TIME OF LATEST TRANSACTION

  • control field: 20201016151858.0

008 - FIXED-LENGTH DATA ELEMENTS

  • fixed length control field: 201016|| aca||aabn | a|a d

040 ## - CATALOGING SOURCE

  • Original cataloging agency: OSt
  • Transcribing agency: OSt

100 ## - HEADING--PERSONAL NAME

  • Personal name: Kanti, Rajat

670 ## - SOURCE DATA FOUND

  • Source citation: Work cat.: (OSt)514219: Kanti, Rajat, Transformation and decline of Sawng: the socio-cultural effects of migration and the changes in intercommunity relations in Calcutta c.1870–1930

Powered by Koha